Statistics for Guess the landmarks by picture #5

Click here to take the quiz!

General Stats

  • This quiz has been taken 35 times
  • The average score is 9 of 16

Answer Stats

Answer% Correct
Easter Island
93%
Central Park
90%
Tower Bridge
90%
Lincoln Memorial
86%
Brooklyn Bridge
83%
Notre-Dame
83%
Arc De Triomphe
55%
Nile
55%
Willis Tower
52%
Iguazu Falls
45%
Taipei 101
41%
Denali
38%
Death Valley
31%
Western Wall
31%
Potala Palace
28%
Twelve Apostles
17%

Score Distribution

Percentile by Number Answered

Percent of People with Each Score

Your Score History

You have not taken this quiz